002940000a220007300045001000017000002450129000173000052001467730022001981 aHurvitz, Avi10aThe historical quest for "ancient Israel" and the linguistic evidence of the hebrew Bible : Some methodological observations aVol. 47, Num 3 (Julio, 1997), Páginas 301-3150 tVetus Testamentum